Movies Quiz

Random Movies or Clickable Quiz

How to Become a Movie Character Quiz Stats

 Plays Quiz Updated Jun 18, 2015

Also try: Movies in Common
Challenge
Share
Tweet
Embed
Score 0/20 Timer 04:00
2 Plays Today
% Correct
Mary Poppins
98.2%
Batman
97.1%
Indiana Jones
95.4%
Dr. John Watson
93.7%
James T. Kirk
93.5%
Hermione Granger
93.5%
Jack Dawson
92.5%
Luke Skywalker
92.4%
Dorothy Gale
91.8%
Gollum
91.6%
% Correct
Norman Bates
88.4%
Maria von Trapp
86.7%
Frances 'Baby' Houseman
80.1%
Jean Valjean
72.9%
Ellis 'Red' Redding
70.9%
Ian Malcolm
67.9%
Martin Brody
66.7%
Annie Wilkes
61.4%
Rick Vaughn
60.7%
Rick Blaine
60%

You're not logged in!

Compare scores with friends on all Sporcle quizzes.
Join for Free
OR
Log In

You Might Also Like...

Show Comments

Extras

Top Quizzes Today


Score Distribution

Your Account Isn't Verified!

In order to create a playlist on Sporcle, you need to verify the email address you used during registration. Go to your Sporcle Settings to finish the process.

Report this User

Report this user for behavior that violates our Community Guidelines.

Details: